[Event "Samara Polugaevsky Memorial 7th"]
[Site "Samara"]
[Date "2017.07.10"]
[Round "3"]
[White "Zemskov, Roman"]
[Black "Kolomensky, Vladimir"]
[Result "0-1"]
[WhiteElo "1885"]
[BlackElo "2226"]
[PlyCount "156"]
[EventDate "2017.07.08"]
[EventType "swiss"]
[EventRounds "9"]
[EventCountry "RUS"]
[SourceTitle "EXT 2018"]
[Source "ChessBase"]
[SourceDate "2017.10.13"]
[SourceVersion "1"]
[SourceVersionDate "2017.10.13"]
[SourceQuality "1"]

1. e4 c5 2. Nf3 e6 3. d3 Nc6 4. g3 Nf6 5. Bg2 d5 6. Nbd2 Be7 7. 0-0 Qc7 8. Re1 b6 9. exd5 Nxd5 10. Nc4 Bb7 11. a4 Rd8 12. Nfe5 Nxe5 13. Nxe5 0-0 14. h4 Bf6 15. Qe2 Nb4 16. Ng4 Be7 17. Bf4 Bd6 18. Bg5 Be7 19. Bf4 Qc8 20. h5 Bxg2 21. Kxg2 Nd5 22. Bd2 h6 23. Nxh6+ gxh6 24. Bxh6 Kh7 25. Bxf8 Rxf8 26. Qe4+ Kh8 27. Qf3 Qe8 28. Re5 Rg8 29. Rae1 Qf8 30. R5e4 Qg7 31. h6 Qf6 32. Rh1 Kh7 33. Qxf6 Nxf6 34. Rf4 Rg6 35. a5 Rxh6 36. axb6 axb6 37. Ra1 Kg7 38. Ra7 Bd6 39. Rf3 Rh8 40. g4 Rf8 41. Rb7 Rb8 42. Ra7 Rd8 43. Rb7 Nd7 44. Re3 Kf6 45. Re4 Ke7 46. f4 Bb8 47. Ra4 Kd6 48. Ra8 Kc6 49. Rba7 Rf8 50. Ra1 Bxf4 51. Rxf8 Nxf8 52. Rh1 Be5 53. Rf1 f6 54. g5 f5 55. c3 b5 56. Kf3 b4 57. Rc1 bxc3 58. bxc3 Kd5 59. Ke3 Ng6 60. Kf3 Bf4 61. Rg1 Bd2 62. c4+ Kd4 63. Ke2 Bf4 64. Rg2 e5 65. Rg1 Be3 66. Rg3 Nf4+ 67. Kf1 Kxd3 68. g6 Nxg6 69. Rxg6 e4 70. Rg8 Kxc4 71. Rf8 f4 72. Ke2 Bc1 73. Re8 f3+ 74. Kd1 Kd3 75. Rd8+ Ke3 76. Rf8 f2 77. Rf5 Bb2 78. Rf8 Be5 0-1

[Event "Samara Polugaevsky Memorial 7th"]
[Site "Samara"]
[Date "2017.07.09"]
[Round "2"]
[White "Dugushov, Sergey Viktorovich"]
[Black "Zemskov, Roman"]
[Result "0-1"]
[WhiteElo "2133"]
[BlackElo "1885"]
[PlyCount "100"]
[EventDate "2017.07.08"]
[EventType "swiss"]
[EventRounds "9"]
[EventCountry "RUS"]
[SourceTitle "EXT 2018"]
[Source "ChessBase"]
[SourceDate "2017.10.13"]
[SourceVersion "1"]
[SourceVersionDate "2017.10.13"]
[SourceQuality "1"]

1. d4 Nf6 2. c4 d6 3. Nc3 Bf5 4. f3 e5 5. dxe5 dxe5 6. Qxd8+ Kxd8 7. e4 Be6 8. Be3 c6 9. 0-0-0+ Kc7 10. g3 Nbd7 11. Nh3 h6 12. Nf2 Nb6 13. b3 Nfd7 14. Nd3 Rd8 15. Be2 f6 16. c5 Nc8 17. f4 g5 18. h4 Be7 19. Rh2 Rdg8 20. f5 Bf7 21. hxg5 hxg5 22. Rdh1 Rxh2 23. Rxh2 Bf8 24. b4 a6 25. a4 Na7 26. Nb2 Rg7 27. Nc4 Bxc4 28. Bxc4 b6 29. Bxa6 bxc5 30. b5 Nb8 31. Rh8 Bd6 32. b6+ Kxb6 33. Bc4 Na6 34. Na2 Ka5 35. Kc2 Rb7 36. Bd2+ Nb4+ 37. Nxb4 cxb4 38. Kb3 Be7 39. Be3 Rc7 40. Rh7 c5 41. Bd5 Nc8 42. Bxg5 fxg5 43. f6 Kb6 44. a5+ Kxa5 45. Be6 Rc6 46. Bxc8 c4+ 47. Kc2 b3+ 48. Kb2 c3+ 49. Kxb3 c2 50. fxe7 c1Q 0-1

[Event "Samara Polugaevsky Memorial 5th"]
[Site "Samara"]
[Date "2015.07.10"]
[Round "8"]
[White "Emeljanov, Vadim"]
[Black "Zemskov, Roman"]
[Result "1/2-1/2"]
[WhiteElo "2031"]
[BlackElo "1832"]
[PlyCount "92"]
[EventDate "2015.07.03"]
[EventType "swiss"]
[EventRounds "9"]
[EventCountry "RUS"]
[SourceTitle "EXT 2017"]
[Source "ChessBase"]
[SourceDate "2016.10.25"]
[SourceVersion "1"]
[SourceVersionDate "2016.10.25"]
[SourceQuality "1"]

1. d4 Nf6 2. c4 e6 3. g3 d5 4. Nf3 c6 5. Qc2 Bd6 6. Bg2 0-0 7. 0-0 Nbd7 8. Nbd2 e5 9. cxd5 cxd5 10. dxe5 Nxe5 11. Nxe5 Bxe5 12. Nf3 Qc7 13. Qxc7 Bxc7 14. Be3 Bd7 15. h3 Rfe8 16. Rfd1 Ne4 17. Rac1 Bc6 18. Bd4 a6 19. e3 Rac8 20. Ne1 Bb5 21. Bf1 Bc6 22. Nd3 Bd6 23. Nf4 Bxf4 24. gxf4 f6 25. Bb6 Nd6 26. Be2 Nc4 27. Bd4 Nd6 28. Bg4 f5 29. Be2 Nc4 30. Bd3 g6 31. h4 Bb5 32. b3 Nd6 33. Bxb5 Nxb5 34. Be5 d4 35. Rxc8 Rxc8 36. Bxd4 Rd8 37. Rd2 Nxd4 38. Rxd4 Rxd4 39. exd4 Kf7 40. f3 Ke6 41. Kf2 Kd5 42. Ke3 b5 43. a3 a5 44. Kd3 b4 45. axb4 axb4 46. Ke3 Kd6 1/2-1/2

[Event "Samara Polugaevsky Memorial 5th"]
[Site "Samara"]
[Date "2015.07.04"]
[Round "2"]
[White "Kontsevik, Georgy"]
[Black "Zemskov, Roman"]
[Result "1-0"]
[WhiteElo "2127"]
[BlackElo "1832"]
[PlyCount "71"]
[EventDate "2015.07.03"]
[EventType "swiss"]
[EventRounds "9"]
[EventCountry "RUS"]
[SourceTitle "EXT 2017"]
[Source "ChessBase"]
[SourceDate "2016.10.25"]
[SourceVersion "1"]
[SourceVersionDate "2016.10.25"]
[SourceQuality "1"]

1. e4 c5 2. Nf3 Nc6 3. d4 cxd4 4. Nxd4 g6 5. Nc3 Bg7 6. Be3 Nf6 7. Bc4 d6 8. f3 0-0 9. Qd2 Bd7 10. 0-0-0 a6 11. g4 b5 12. Be2 Qa5 13. Nb3 Qc7 14. g5 Nh5 15. Nd5 Qb7 16. f4 a5 17. f5 Be5 18. Bxh5 gxh5 19. Qe2 Nb4 20. Nxe7+ Kg7 21. Bd4 Qc7 22. Bxe5+ dxe5 23. a3 a4 24. Na1 Nc6 25. Nd5 Qc8 26. Nb6 Qc7 27. Nxd7 Nd4 28. Rxd4 exd4 29. Nxf8 Rxf8 30. Kb1 Rd8 31. Rd1 Qe5 32. c3 Rc8 33. Rxd4 b4 34. Rxb4 Qc5 35. Qxh5 Rc6 36. f6+ 1-0

[Event "Samara Polugaevsky Memorial 5th"]
[Site "Samara"]
[Date "2015.07.03"]
[Round "1"]
[White "Zemskov, Roman"]
[Black "Filipenko, Alexander V"]
[Result "0-1"]
[WhiteElo "1832"]
[BlackElo "2297"]
[PlyCount "74"]
[EventDate "2015.07.03"]
[EventType "swiss"]
[EventRounds "9"]
[EventCountry "RUS"]
[SourceTitle "EXT 2017"]
[Source "ChessBase"]
[SourceDate "2016.10.25"]
[SourceVersion "1"]
[SourceVersionDate "2016.10.25"]
[SourceQuality "1"]

1. d4 Nf6 2. c4 g6 3. Nc3 Bg7 4. e4 d6 5. Be2 0-0 6. Bg5 c5 7. Nf3 h6 8. Bh4 g5 9. Bg3 Nh5 10. dxc5 Nxg3 11. hxg3 dxc5 12. Qxd8 Rxd8 13. Nd5 Nc6 14. 0-0-0 Bd7 15. Rd2 Kf8 16. Rhd1 Nd4 17. Nxd4 Bxd4 18. Rd3 Bc6 19. f4 e6 20. Nc3 Ke7 21. Bf3 Bf2 22. Rxd8 Rxd8 23. fxg5 hxg5 24. Rxd8 Kxd8 25. g4 Bg3 26. Kc2 Be5 27. b3 Ke7 28. Kd3 Bxc3 29. Kxc3 Kd6 30. Kd3 Ke5 31. Ke3 b6 32. a3 a5 33. a4 Bb7 34. g3 Bc6 35. Bg2 f5 36. gxf5 exf5 37. g4 Bxe4 0-1